000 00624nam a2200241Ia 4500
003 OSt
005 20221005122527.0
006 a|||||r|||| 00| 0
007 ta
008 221004b |||||||| |||| 00| 0 tam d
024 _a49129
037 _cTextual
040 _aCRL
_cCRL
_btam
041 _2tam
_atam
082 _aO31,1MCH,1, J0
100 _aPillai Chidhambaram Au.
_9624977
245 0 _aKailasa ndtha sarukkam
260 _c1950
650 _a TAMIL POETRY
650 _aTAMIL LITERATURE
942 _hO31,1MCH,1, J0
_cTEXL
_2cc
999 _c1044563
_d1044563